00694nam a22002297a 45000010005000000030006000050050017000110080041000280200018000690400022000870500014001090820008001231000022001312450050001532600048002033000061002515050008003125200062003205210028003825210020004106500034004304482FISKH20240911165911.0240911b cb ||||| |||| 00| 0 eng d a9780525475828 aFISKHbengcFISKH aPZ7.L6622 2334 aLinenthal, Peter  aLook at the animals ! / cby Peter Linenthal  aNew York :bDotton Childrens' Book ;c2006. a14 unnumbered pages : bcolor illustrations ; c17 cm .  aB  aSimple text introduces the activities of various animals.8 a60 bLexile estimate 8 aB bRaz-Plus  ablack and white vboard book